| 000 | 00801nam a2200265 4500 | ||
|---|---|---|---|
| 003 | OSt | ||
| 005 | 20260601170957.0 | ||
| 008 | 260504b1991\\\\it\|||||\||||\00|\0\fre\d | ||
| 020 | _a8807101424 | ||
| 040 |
_aICI _bspa _cICI |
||
| 041 | _afre | ||
| 050 | 1 |
_aTS171 _bM35 1993b |
|
| 100 | 1 |
_aMaldonado, Tomás, _eautor |
|
| 245 | 1 |
_aDisegno industriale : _bun riesame / _cTomas Maldonado |
|
| 264 | 4 |
_aMilano : _bFeltrinelli. _c1991 |
|
| 300 | _a126 páginas | ||
| 336 |
_atexto _2rdacontent |
||
| 337 |
_asin medio _2rdamedia |
||
| 338 |
_avolumen _2rdacarrier |
||
| 490 | _aCampi del sapere / Feltrinelli | ||
| 500 | _aTraduccion de: disegno industriale : un riesame | ||
| 650 | 4 |
_aDiseño industrial _xEstudio y enseñanza |
|
| 700 | 1 |
_aArtal, Carmen, |e traductor _930872 |
|
| 942 |
_2lcc _cB _n1 |
||
| 999 |
_c19918 _d19918 |
||